000 nam a22 7a 4500
999 _c126374
_d126374
008 170407b xxu||||| |||| 00| 0 eng d
050 _aBD431.H5
100 _aHocking, William Ernest
_929700
245 _aThoughts on death and life
_cWilliam Ernest Hocking
260 _aNew York
_bHarper and Brothers
_c1937
300 _ax, 260p. ;
_c20cm.
650 _aDeath
_929732
650 _aLife
_913910
650 _aImmorality
_929733
942 _2lcc
_cMONOGRAPH